000 00329nam a2200133Ia 4500
005 20260326235455.0
008 260326s9999||||xx |||||||||||||| ||und||
100 _aGlusberg, Jorge
245 0 _aSeis Arquitectos Mexicanos /
_cJorge Glusberg
260 _bArte Gaglianone
300 _a86 p.
650 _aARQUITECTOS
942 _cBK
999 _c7916
_d7916